Airborne laser scanning raster data visualization (Record no. 15637)

MARC details
000 -LEADER
fixed length control field 00963nam a2200145Ia 4500
008 - FIXED-LENGTH DATA ELEMENTS--GENERAL INFORMATION
fixed length control field 220615s9999||||xx |||||||||||||| ||und||
020 ## - INTERNATIONAL STANDARD BOOK NUMBER
International Standard Book Number 9789610000000
022 ## - INTERNATIONAL STANDARD SERIAL NUMBER
International Standard Serial Number 2712-2840
100 ## - MAIN ENTRY--PERSONAL NAME
Personal name Hesse, Ralf||Kokalj, Žiga
245 #0 - TITLE STATEMENT
Title Airborne laser scanning raster data visualization
Remainder of title A Guide to Good Practice
546 ## - LANGUAGE NOTE
Language note English[eng]
650 ## - SUBJECT ADDED ENTRY--TOPICAL TERM
Topical term or geographic name entry element case studies||digital heights model||geodetic measurements||geodetic methods||geographical typology||landscapes||laser scanning||laser techniques||lidar||manuals||relief forms||remote sensing||settings||spatial data||technics||tools||visualization||daljinsko zaznavanje||digitalni model višin||geodetska merjenja||geodetske metode||geografska tipologija||krajine||laserska tehnika||lasersko skeniranje||nastavitve||orodja||priročniki||prostorski podatki||reliefne oblike||študije primerov||tehnika||vizualizacija
856 ## - ELECTRONIC LOCATION AND ACCESS
Uniform Resource Identifier <a href="https://omp.zrc-sazu.si/zalozba/catalog/view/824/3485/287-3">https://omp.zrc-sazu.si/zalozba/catalog/view/824/3485/287-3</a>
942 ## - ADDED ENTRY ELEMENTS (KOHA)
Koha item type E-Books
Holdings
Withdrawn status Lost status Damaged status Not for loan Home library Current library Date acquired Total Checkouts Date last seen Price effective from Koha item type
        Kerala University of Digital Sciences, Innovation and Technology Knowledge Centre Kerala University of Digital Sciences, Innovation and Technology Knowledge Centre 15/06/2022   15/06/2022 15/06/2022 E-Books